| 000 | 00000nam##2200000za#4500 |
| 001 | 9.624378 |
| 003 | CaOODSP |
| 005 | 20200327180517 |
| 007 | ta |
| 008 | 150406|1997||||xxc||||| f|0| 0 fre|d |
| 020 | |a0-662-82110-6 |
| 022 | |a1484-2815 |
| 040 | |aCaOODSP|bfre |
| 043 | |an-cn--- |
| 086 | 1 |aFo29-47/1-1997F |
| 110 | 1 |aCanada.|bRessources naturelles Canada. |bService canadien des forêts. |
| 245 | 14|aUne méthode d'évaluation de la menace d'incendie de forêt|cpar B. Hawkes et J. Beck. |
| 260 | |aVictoria - Colombie Britannique : |bRessources naturelles Canada. |c1997. |
| 300 | |a6p. : |bfigures ; |c28 cm. |
| 490 | 1 |aNotes de transfert technologique|x1484-2815|vN° 1, juillet 1997 |
| 500 | |a«Des chercheurs ont récemment élaboré une méthode type d'évaluation de la menace d'incendie de forêt (MEMIF) qui, grâce à l'intégration de données spatiales, va plus loin que la Méthode canadienne d'évaluation des dangers d'incendie de forêt.»--Introduction. |
| 520 | 3 |aDes chercheurs ont récemment élaboré une méthode type d'évaluation de la menace d'incendie de forêt (MEMIF) qui, grâce à l'intégration de données spatiales, va plus loin que la Méthode canadienne d'évaluation des dangers d'incendie de forêt.--Introduction |
| 563 | |aDépliant |
| 590 | |a97-31|b1997-08-01 |
| 691 | 07|aIncendie de forêt|2gcpds |
| 720 | 1 |aHawkes, B. |
| 720 | 1 |aBeck, J. |
| 775 | 08|tA wildfire threat rating system|w(CaOODSP)9.613817 |
| 776 | 0#|tUne méthode d'évaluation de la menace d'incendie de forêt|w(CaOODSP)9.604806 |
| 830 | #0|aNotes de transfert technologique,|x1484-2815|vN° 1, juillet 1997|w(CaOODSP)9.513024 |